Normal view
MARC view
- Shaukat, Iqra (328955)
Entry Personal Name
001 - CONTROL NUMBER
- control field: 118264
003 - CONTROL NUMBER IDENTIFIER
- control field: NUST
005 - DATE AND TIME OF LATEST TRANSACTION
- control field: 20230928110502.0
008 - FIXED-LENGTH DATA ELEMENTS
- fixed length control field: 230928|| aca||aabn | a|a d
040 ## - CATALOGING SOURCE
- Original cataloging agency: NUST
- Transcribing agency: NUST
100 ## - HEADING--PERSONAL NAME
- Personal name: Shaukat, Iqra (328955)
670 ## - SOURCE DATA FOUND
- Source citation: Work cat.: (NUST)603231: Shaukat, Iqra (328955), Selenization of ZIF-67 as Electrode Material for Supercapacitor Application /, 2023
